ED PSYCH (Record no. 215838)

MARC details
000 -LEADER
fixed length control field 00526nam a22001817a 4500
008 - FIXED-LENGTH DATA ELEMENTS--GENERAL INFORMATION
fixed length control field 250708b |||||||| |||| 00| 0 eng d
020 ## - INTERNATIONAL STANDARD BOOK NUMBER
International Standard Book Number 978-1-111-84193-5
050 ## - LIBRARY OF CONGRESS CALL NUMBER
Classification number LB 1051 .S66 2013
100 ## - MAIN ENTRY--PERSONAL NAME
Personal name SNOWMAN, JACK
245 ## - TITLE STATEMENT
Title ED PSYCH
260 ## - PUBLICATION, DISTRIBUTION, ETC.
Place of publication, distribution, etc. BELMONT, CA
Name of publisher, distributor, etc. WADSWORTH PUBLISHING COMPANY,
Date of publication, distribution, etc. 2013
300 ## - PHYSICAL DESCRIPTION
Extent XI, 422P.:ILL
500 ## - GENERAL NOTE
General note INCLUDES BIBLIOGRAPHICAL REFERENCES AND INDEX
650 ## - SUBJECT ADDED ENTRY
Topical term or geographic name entry element EDUCATIONAL PSYCHOLOGY--TEXTBOOKS
700 ## - ADDED ENTRY--PERSONAL NAME
Personal name MCCOWN, R. R
942 ## - ADDED ENTRY ELEMENTS (KOHA)
Source of classification or shelving scheme Library of Congress Classification
Koha item type Long Loan Book
Holdings
Withdrawn status Lost status Source of classification or shelving scheme Damaged status Not for loan Collection Home library Current library Shelving location Date acquired Inventory number Total checkouts Full call number Barcode Date last seen Copy number Price effective from Koha item type
    Library of Congress Classification     Arts & Social Sciences Kisii University Library Kisii University Library On Display 07/08/2025 108937   LB 1051 .S66 2013 000000023724 07/08/2025 1 07/08/2025 Long Loan Book
    Library of Congress Classification     Arts & Social Sciences Kisii University Library Kisii University Library On Display 07/08/2025 108938   LB 1051 .S66 2013 000000024683 07/08/2025 2 07/08/2025 Long Loan Book
    Library of Congress Classification     Arts & Social Sciences Kisii University Library Kisii University Library On Display 07/08/2025 108939   LB 1051 .S66 2013 000000024682 07/08/2025 3 07/08/2025 Long Loan Book
    Library of Congress Classification     Arts & Social Sciences Kisii University Library Kisii University Library On Display 07/08/2025 108940   LB 1051 .S66 2013 000000024681 07/08/2025 4 07/08/2025 Long Loan Book
    Library of Congress Classification     Arts & Social Sciences Kisii University Library Kisii University Library On Display 07/08/2025 108941   LB 1051 .S66 2013 000000024680 07/08/2025 5 07/08/2025 Long Loan Book